[Event "Knights of Caissa 1st Open"]
[Site "SchemingMind.com"]
[Date "2021.10.05"]
[Round "-"]
[White "trazadora"]
[Black "Rommel85"]
[Result "1-0"]
[WhiteCountry "CUB"]
[BlackCountry "CUB"]
[WhiteElo "2456"]
[WhiteRD "85"]
[BlackElo "2410"]
[BlackRD "85"]
[GameID "716143"]

1. e4 e5 2. Nf3 Nc6 3. Bb5 a6 4. Ba4 Nf6 5. d3 Bc5 6. c3 d6 7. O-O O-O 8. Bg5 h6 9. Bh4 g5 10. Bg3 b5
11. Bc2 Ba7 12. a4 b4 13. Nbd2 Rb8 14. Nc4 g4 15. Bh4 gxf3 16. Qxf3 Kg7 17. Ne3 Be6 18. Nd5 Bxd5 19. exd5 bxc3 20. bxc3 Rb2
21. Bb1 Nb8 22. d4 Rg8 23. Bf5 Kf8 24. Rfb1 Rxb1+ 25. Rxb1 Rg5 26. Bxg5 hxg5 27. h4 g4 28. Qe3 Nbd7 29. Qg5 Nb6 30. h5 g3
31. Rf1 Nbxd5 32. h6 Nxc3 33. h7 Ke7 34. Qh4 Qh8 35. dxe5 dxe5 36. Qb4+ Ke8 37. Qxc3 Bxf2+ 38. Rxf2 gxf2+ 39. Kxf2 Kf8 40. Qxc7 Nxh7
41. Qc8+
1-0

[Event "Knights of Caissa 1st Open"]
[Site "SchemingMind.com"]
[Date "2021.10.06"]
[Round "-"]
[White "Rommel85"]
[Black "trazadora"]
[Result "1/2-1/2"]
[WhiteCountry "CUB"]
[BlackCountry "CUB"]
[WhiteElo "2397"]
[WhiteRD "92"]
[BlackElo "2307"]
[BlackRD "101"]
[GameID "716144"]

1. e4 e5 2. Nf3 Nc6 3. Bc4 Bc5 4. c3 Nf6 5. d3 d6 6. O-O O-O 7. Re1 h6 8. Nbd2 Ne7 9. Bb3 Bb6 10. Nc4 Be6
11. d4 Ng6 12. a4 c6 13. Nxb6 Bxb3 14. Qxb3 Qxb6 15. Qc2 Qc7 16. c4 exd4 17. Nxd4 Rfe8 18. Bd2 d5 19. cxd5 Qb6 20. Nf5 cxd5
21. a5 Qd8 22. exd5 Qxd5 23. Rad1 Rad8 24. Bc3 Rxe1+ 25. Rxe1 Qc6 26. h4 a6 27. g3 h5 28. Qe2 Re8= 29. Qd1 Rxe1+ 30. Qxe1 Qd5
31. Ne3 Qf3 32. Bxf6 Qxf6=
1/2-1/2

[Event "Knights of Caissa 1st Open"]
[Site "SchemingMind.com"]
[Date "2021.10.08"]
[Round "-"]
[White "Keithk"]
[Black "trazadora"]
[Result "1/2-1/2"]
[WhiteCountry "ENG"]
[BlackCountry "CUB"]
[WhiteElo "2418"]
[WhiteRD "90"]
[BlackElo "2347"]
[BlackRD "95"]
[GameID "716227"]

1. d4 d5 2. Bf4 c5 3. e3 cxd4 4. exd4 Nc6 5. c3 Bf5 6. Nf3 e6 7. Nbd2 a6 8. Be2 Bd6 9. Bxd6 Qxd6 10. Nh4 Nf6
11. Nxf5 exf5 12. Nb3 O-O 13. O-O Nd8 14. Re1 Ne6 15. f3 b5 16. Qd2 Rfb8 17. a3 Nd7 18. Nc1 g6 19. Bf1 Nb6 20. Qf2 Rc8
21. Qg3 Qxg3 22. hxg3 h5 23. Nd3 Kg7 24. Re5 a5 25. Rae1 Kf6 26. Kf2 Rd8 27. Ra1 Nc4 28. Ree1 Re8 29. a4 bxa4 30. Rxa4 Reb8
31. b4 axb4 32. Rxb4 Ra2+ 33. Re2 Rba8 34. Rb5 R2a5 35. Rb7 Nd6 36. Rd7 Nb5 37. Ne5 R8a7 38. Rc2 Rxd7 39. Nxd7+ Kg7 40. Bxb5 Rxb5
41. Ne5 Rb3=
1/2-1/2

[Event "Knights of Caissa 1st Open"]
[Site "SchemingMind.com"]
[Date "2021.10.09"]
[Round "-"]
[White "Keithk"]
[Black "Rommel85"]
[Result "1/2-1/2"]
[WhiteCountry "ENG"]
[BlackCountry "CUB"]
[WhiteElo "2418"]
[WhiteRD "90"]
[BlackElo "2420"]
[BlackRD "85"]
[GameID "716229"]

1. d4 d5 2. Bf4 Nf6 3. e3 c5 4. c3 Nc6 5. Nd2 e6 6. Ngf3 Bd6 7. Bg3 O-O 8. Bd3 g6 9. Bh4 e5 10. Nxe5 Nxe5
11. dxe5 Bxe5 12. O-O Qb6 13. Nf3 Bc7 14. c4 dxc4 15. Bxc4 h6 16. Qe2 Ne4 17. Rac1 Bf5 18. Bd3 g5 19. Bg3 Bxg3 20. hxg3 Rad8
21. Rfd1 Rd5 22. Bxe4 Bxe4 23. Rxd5 Bxd5 24. Ne5 Rd8 25. Kh2 Kg7 26. e4 Bxa2 27. f4 Qf6 28. Ng4 Qe7 29. f5 Qd6 30. b3 h5
31. Qe3 hxg4 32. Qxg5+ Kf8 33. e5 Qd2 34. Qf6 Rd5=
1/2-1/2

[Event "Knights of Caissa 1st Open"]
[Site "SchemingMind.com"]
[Date "2021.10.08"]
[Round "-"]
[White "Rommel85"]
[Black "Keithk"]
[Result "1/2-1/2"]
[WhiteCountry "CUB"]
[BlackCountry "ENG"]
[WhiteElo "2420"]
[WhiteRD "85"]
[BlackElo "2418"]
[BlackRD "90"]
[GameID "716230"]

1. e4 e5 2. Nf3 Nc6 3. Bc4 Bc5 4. c3 Nf6 5. d3 d6 6. O-O a5 7. Re1 O-O 8. Nbd2 Ba7 9. h3 Be6 10. Bb5 Ne7
11. d4 Ng6 12. Ba4 Nh5 13. Nf1 Nhf4 14. Bc2 Qd7 15. Ne3 exd4 16. Nxd4 Bxd4 17. cxd4 d5 18. exd5 Nxd5 19. Nxd5 Bxd5 20. Bd2 Rfd8
21. a3 a4 22. Rc1= Bc6 23. Be3 h6 24. f3 Ra5 25. Bxg6 fxg6 26. Bf4 Qxd4+ 27. Qxd4 Rxd4 28. Bxc7 Rg5 29. Be5 Rd7 30. Bf4 Rf5
31. Be5 Rg5 32. Bf4 Rgd5 33. Be5 Re7 34. Bc3=
1/2-1/2

[Event "Knights of Caissa 1st Open"]
[Site "SchemingMind.com"]
[Date "2021.10.09"]
[Round "-"]
[White "Ricardo Martinez Puigros"]
[Black "Rommel85"]
[Result "1/2-1/2"]
[WhiteCountry "ESP"]
[BlackCountry "CUB"]
[WhiteElo "2465"]
[WhiteRD "79"]
[BlackElo "2420"]
[BlackRD "85"]
[GameID "716270"]

1. d4 d5 2. c4 c6 3. Nf3 Nf6 4. Nc3 dxc4 5. a4 Bf5 6. Ne5 Nbd7 7. Nxc4 Nb6 8. Ne5 a5 9. f3 Nfd7 10. Nxd7 Nxd7
11. e4 Bg6 12. Be2 e6 13. O-O Bd6 14. Be3 O-O 15. Qb3 Rb8 16. Rac1 h6 17. Rfd1 Qe7= 18. Bd3 e5 19. d5 Nc5 20. Qc4 Nxd3
21. Rxd3 Rfc8 22. dxc6 bxc6 23. Rcd1 Bc7 24. Bc5 Qe8 25. b3 Kh7 26. h3 f6 27. Rd7 Bd8 28. Kh2 Rc7 29. Rxd8 Rxd8 30. Rxd8 Qxd8
31. Bb6 Qd7 32. Bxc7 Qxc7 33. b4 Bf7 34. Qc5 axb4 35. Qxb4 Qd7=
1/2-1/2

[Event "Knights of Caissa 1st Open"]
[Site "SchemingMind.com"]
[Date "2021.10.08"]
[Round "-"]
[White "Rommel85"]
[Black "Ricardo Martinez Puigros"]
[Result "1/2-1/2"]
[WhiteCountry "CUB"]
[BlackCountry "ESP"]
[WhiteElo "2397"]
[WhiteRD "92"]
[BlackElo "2427"]
[BlackRD "89"]
[GameID "716271"]

1. e4 c5 2. Nf3 d6 3. Nc3 Nf6 4. d4 cxd4 5. Nxd4 a6 6. Be3 e5 7. Nb3 Be6 8. f3 h5 9. Qd2 Nbd7 10. O-O-O Rc8
11. Kb1 Be7 12. f4 b5 13. h3 Qc7 14. Bd3 Nb6 15. Bxb6 Qxb6 16. Rhe1 O-O 17. Nd5 Bxd5 18. exd5 Nxd5 19. g3 Rce8 20. fxe5=
1/2-1/2

[Event "Knights of Caissa 1st Open"]
[Site "SchemingMind.com"]
[Date "2021.10.13"]
[Round "-"]
[White "The Stonewall"]
[Black "Keithk"]
[Result "0-1"]
[WhiteCountry "ENG"]
[BlackCountry "ENG"]
[WhiteElo "2302"]
[WhiteRD "72"]
[BlackElo "2418"]
[BlackRD "90"]
[GameID "716292"]

1. e4 e5 2. Nf3 Nc6 3. Nc3 Nf6 4. d4 exd4 5. Nxd4 Bb4 6. Nxc6 bxc6 7. Bd3 d5 8. exd5 O-O 9. O-O cxd5 10. h3 c6
11. Qf3 Re8 12. Bf4 Nd7 13. Rfe1 Nc5 14. Bc7 Nxd3 15. Bxd8 Nxe1 16. Qf4 Nxc2 17. Rc1 Rxd8 18. Rxc2 Bf8 19. Qa4 d4 20. Qa5 Be6
21. Ne4 d3 22. Rd2 Rd4 23. Nc5 Bf5 24. Qc3 Rad8 25. a3 h5 26. Nb3 R4d5 27. Rd1 a5 28. Kf1 a4 29. Nd2 Rc5 30. Qb4 Re8
31. Qxa4 Rc2 32. Qf4 Bg6 33. b4 c5 34. bxc5 Re2 35. c6 Bd6 36. Qg5 Kh7 37. g4 f6 38. Qd5 Bc5 39. Qf3 h4 40. Qf4 Bb6
41. a4 Rxc6 42. Nb3 Rc3 43. Nd2 Rc2 44. Kg1 Ba7 45. a5 Ra2 46. Kg2 Bxf2
0-1

[Event "Knights of Caissa 1st Open"]
[Site "SchemingMind.com"]
[Date "2021.10.12"]
[Round "-"]
[White "Keithk"]
[Black "The Stonewall"]
[Result "1-0"]
[WhiteCountry "ENG"]
[BlackCountry "ENG"]
[WhiteElo "2409"]
[WhiteRD "102"]
[BlackElo "2391"]
[BlackRD "75"]
[GameID "716293"]

1. d4 e6 2. e4 d5 3. Nc3 Bb4 4. e5 c5 5. a3 Bxc3+ 6. bxc3 Ne7 7. Qg4 Kf8 8. Qd1 Qa5 9. Bd2 Qa4 10. Qb1 Nbc6
11. Bb5 Qa5 12. Nf3 Qc7 13. Be2 b6 14. h4 h6 15. h5 Bb7 16. O-O Rc8 17. a4 Na5 18. Qe1 g6 19. Bd3 Nf5 20. g4 Ne7
21. hxg6 Nxg6 22. Qc1 Kg7 23. Kg2 Nc4 24. Bf4 Nxf4+ 25. Qxf4 Rcg8 26. Rh1 Kf8 27. Rxh6 Rxg4+ 28. Qxg4 Rxh6 29. Qf4 Rh8 30. Ng5 Rg8
31. Bh7 Rg7 32. Rg1 Qe7 33. Kf3 Ke8 34. Qf6 Rxg5 35. Rxg5 Bc6 36. Qh8+ Kd7 37. Rg7 Kc7 38. Bg6
1-0

[Event "Knights of Caissa 1st Open"]
[Site "SchemingMind.com"]
[Date "2021.10.13"]
[Round "-"]
[White "The Stonewall"]
[Black "trazadora"]
[Result "0-1"]
[WhiteCountry "ENG"]
[BlackCountry "CUB"]
[WhiteElo "2302"]
[WhiteRD "72"]
[BlackElo "2347"]
[BlackRD "95"]
[GameID "716296"]

1. e4 e5 2. d4 exd4 3. Nf3 Bc5 4. Bc4 d6 5. c3 dxc3 6. Qb3 Qd7 7. Nxc3 Nc6 8. Nd5 Nge7 9. Bd2 O-O 10. O-O Nxd5
11. Bxd5 a5 12. Be3 a4 13. Qc3 Bxe3 14. Qxe3 Nb4 15. Rac1 Nxd5 16. exd5 Ra5 17. Rfd1 b6 18. Ng5 Re8 19. Qd3 Qf5 20. Re1 Re5
21. Rxe5 dxe5 22. Ne4 Ba6 23. Qc2 h6 24. Rd1 Bb7 25. Qc4 Qf4 26. d6 cxd6 27. Nxd6 Bd5 28. Qxf4 exf4 29. a3 Be6 30. f3 Kf8
31. Ne4 Rb5 32. Rd2 Rd5 33. Rc2 Rd4 34. Rc6 Rd1+ 35. Kf2 b5 36. Rc2 Bb3 37. Rd2 Rxd2+ 38. Nxd2 Bc2 39. Ke2 Ke7 40. Nf1 Bb3
41. Nd2 Bc4+ 42. Kf2 Bd3
0-1

[Event "Knights of Caissa 1st Open"]
[Site "SchemingMind.com"]
[Date "2021.10.12"]
[Round "-"]
[White "trazadora"]
[Black "The Stonewall"]
[Result "1/2-1/2"]
[WhiteCountry "CUB"]
[BlackCountry "ENG"]
[WhiteElo "2307"]
[WhiteRD "101"]
[BlackElo "2391"]
[BlackRD "75"]
[GameID "716297"]

1. e4 e6 2. Nf3 c5 3. Nc3 Nc6 4. d4 cxd4 5. Nxd4 Qc7 6. Be3 a6 7. Qf3 Nf6 8. O-O-O Ne5 9. Qg3 b5 10. f4 Neg4
11. Bg1 h5 12. e5 b4 13. Na4 Nd5 14. h3 Nh6 15. f5 Bb7 16. Bd3 Be7 17. Be4 O-O 18. Qf3 Rac8 19. f6 gxf6 20. Bh2 fxe5
21. Rhe1 d6 22. Qxh5 exd4 23. Qxh6 f5=
1/2-1/2

[Event "Knights of Caissa 1st Open"]
[Site "SchemingMind.com"]
[Date "2021.10.13"]
[Round "-"]
[White "The Stonewall"]
[Black "Rommel85"]
[Result "1/2-1/2"]
[WhiteCountry "ENG"]
[BlackCountry "CUB"]
[WhiteElo "2391"]
[WhiteRD "75"]
[BlackElo "2397"]
[BlackRD "92"]
[GameID "716298"]

1. e4 e5 2. Nf3 Nc6 3. Bc4 Bc5 4. c3 Nf6 5. d4 exd4 6. e5 d5 7. Bb5 Ne4 8. cxd4 Bb6 9. Nc3 O-O 10. Be3 Bg4
11. h3 Bh5 12. Qc2 Nxc3 13. bxc3 f6 14. exf6 Qxf6 15. Be2 Bg6 16. Qb3 Qe6 17. O-O Na5 18. Qb4 Nc4 19. Bxc4 Rxf3 20. gxf3 dxc4
21. Kh2 c5=
1/2-1/2

[Event "Knights of Caissa 1st Open"]
[Site "SchemingMind.com"]
[Date "2021.10.12"]
[Round "-"]
[White "Rommel85"]
[Black "The Stonewall"]
[Result "1-0"]
[WhiteCountry "CUB"]
[BlackCountry "ENG"]
[WhiteElo "2420"]
[WhiteRD "85"]
[BlackElo "2302"]
[BlackRD "72"]
[GameID "716299"]

1. e4 e6 2. d4 d5 3. Nd2 Be7 4. Ngf3 Nf6 5. e5 Nfd7 6. Bd3 c5 7. c3 Nc6 8. O-O g5 9. Qe2 h5 10. dxc5 g4
11. Nd4 Ndxe5 12. Bb5 Bd7 13. b4 Bf6 14. Bxc6 Nxc6 15. N2b3 Qb8 16. a4 a6 17. Be3 Ne7 18. f4 Rg8 19. b5 g3 20. h3 h4
21. b6 Qc8 22. Nf3 Nf5 23. Bd4 Rg6 24. Bxf6 Rxf6 25. Ne5 Rh6 26. Rfe1 Kf8 27. Nd4 Ne7 28. Qg4 Rh7 29. Qg5 Qd8 30. Rab1 Rc8
31. f5 Nxf5 32. Qxd8+ Rxd8 33. Nxd7+ Rxd7 34. c6
1-0

[Event "Knights of Caissa 1st Open"]
[Site "SchemingMind.com"]
[Date "2021.10.31"]
[Round "-"]
[White "The Stonewall"]
[Black "aperturaf"]
[Result "0-1"]
[WhiteCountry "ENG"]
[BlackCountry "ESP"]
[WhiteElo "2266"]
[WhiteRD "68"]
[BlackElo "2390"]
[BlackRD "86"]
[GameID "716972"]

1. e4 e6 2. d4 d5 3. e5 c5 4. c3 Nc6 5. Nf3 Qb6 6. Bd3 cxd4 7. O-O Bd7 8. Re1 Nge7 9. h4 h6 10. h5 Rc8
11. a3 a6 12. b4 dxc3 13. Nxc3 Nxb4 14. Na4 Bxa4 15. Qxa4+ Nbc6 16. Bd2 Qd8 17. Qg4 Rc7 18. a4 Qc8 19. Rab1 Qd7 20. a5 g6
21. hxg6 Nxg6 22. Qh5 Bc5 23. Rec1 Ba7 24. Rc2 Kd8 25. Rcb2 Kc8 26. Rb3 Rg8 27. Qh2 Qe7 28. Be1 h5 29. Be2 h4 30. Bd3 h3
31. Bxg6 Rxg6 32. Qxh3 Qf8 33. Bd2 Qg8 34. Re1 Kb8 35. Qh2 Rg7 36. Rc3 Rc8 37. Rb3 Rh7 38. Qf4 Rh5 39. Kf1 Qh7 40. g3 Rh1+
41. Ke2 Rxe1+ 42. Kxe1 Qc2 43. Rc3 Qb1+ 44. Rc1 Qb5 45. Qxf7 Rh8 46. Bh6 Bc5
0-1

[Event "Knights of Caissa 1st Open"]
[Site "SchemingMind.com"]
[Date "2021.10.31"]
[Round "-"]
[White "aperturaf"]
[Black "The Stonewall"]
[Result "1-0"]
[WhiteCountry "ESP"]
[BlackCountry "ENG"]
[WhiteElo "2390"]
[WhiteRD "86"]
[BlackElo "2266"]
[BlackRD "68"]
[GameID "716973"]

1. e4 Nf6 2. e5 Nd5 3. d4 d6 4. Nf3 g6 5. Bc4 Nb6 6. Bb3 Bg7 7. Ng5 e6 8. f4 dxe5 9. fxe5 O-O 10. O-O c5
11. dxc5 Qxd1 12. Rxd1 N6d7 13. Be3 Nxe5 14. h3 Bd7 15. Nc3 Bc6 16. Nge4 a5 17. a4 Na6 18. Rd2 Rfd8 19. Nd6 Nd7 20. Nce4 Bxb2
21. Rf1 Ne5 22. Re2 Bxe4 23. Nxe4 Ba3 24. Kh2 Nd7 25. Nd6 Naxc5 26. Nxf7 Rf8 27. Ref2 Bb2 28. Nh6+ Kg7 29. Rf7+ Rxf7 30. Rxf7+ Kh8
31. g4 Re8 32. g5 Bg7 33. Kg2 Rc8 34. Bf2 Bf8 35. Bd5 e5 36. h4 Rd8 37. Be1 b6 38. Bc6 Nb8 39. Bb5 Nbd7 40. Bc3 Bg7
41. Ba1 Bf8 42. Ng4 Bg7 43. Re7 Kg8 44. Nh6+ Bxh6 45. gxh6
1-0

[Event "Knights of Caissa 1st Open"]
[Site "SchemingMind.com"]
[Date "2021.11.01"]
[Round "-"]
[White "aperturaf"]
[Black "trazadora"]
[Result "1/2-1/2"]
[WhiteCountry "ESP"]
[BlackCountry "CUB"]
[WhiteElo "2399"]
[WhiteRD "107"]
[BlackElo "2347"]
[BlackRD "95"]
[GameID "716980"]

1. e4 e5 2. Nf3 Nc6 3. Bc4 Bc5 4. O-O Nf6 5. d3 d6 6. c3 O-O 7. h3 h6 8. Re1 a6 9. a4 a5 10. Qe2 Re8
11. Qd1 Be6 12. Bxe6 fxe6 13. Be3 Bxe3 14. Rxe3 Qd7 15. Nbd2 b6 16. Qe2 Re7 17. Rc1 Rf8 18. d4 exd4 19. cxd4 Nb4 20. Qb5 Qxb5
21. axb5 d5 22. Ne5 Kh7 23. exd5 Nfxd5 24. Rf3 Rf4 25. Rc4 Rxf3 26. Ndxf3 Nf6 27. Nh4 Nfd5=
1/2-1/2

[Event "Knights of Caissa 1st Open"]
[Site "SchemingMind.com"]
[Date "2021.11.01"]
[Round "-"]
[White "trazadora"]
[Black "aperturaf"]
[Result "1-0"]
[WhiteCountry "CUB"]
[BlackCountry "ESP"]
[WhiteElo "2456"]
[WhiteRD "85"]
[BlackElo "2390"]
[BlackRD "86"]
[GameID "716981"]

1. e4 e6 2. Nf3 c5 3. d4 cxd4 4. Nxd4 Nc6 5. Nc3 Qc7 6. Be3 a6 7. Be2 Nf6 8. O-O Bb4 9. Na4 Be7 10. Nxc6 bxc6
11. Nb6 Rb8 12. Nxc8 Qxc8 13. Bd4 c5 14. Be5 Rb6 15. Qd3 d6 16. Bc3 O-O 17. Rad1 d5 18. exd5 Nxd5 19. Be5 Rd8 20. Qg3 f6
21. Bc3 Bd6 22. Qf3 Nxc3 23. bxc3 f5 24. h4 Kh8 25. a4 a5 26. h5 e5 27. Rd5 Rf8 28. Rfd1 e4 29. Qe3 Qe6 30. Qd2 Rf6
31. c4 h6 32. Qxa5 Rf8 33. g3 Be7 34. Rd7 Re8 35. Rxe7 Rxe7 36. Rd8+ Kh7 37. Qa8
1-0

[Event "Knights of Caissa 1st Open"]
[Site "SchemingMind.com"]
[Date "2021.11.01"]
[Round "-"]
[White "aperturaf"]
[Black "Rommel85"]
[Result "1/2-1/2"]
[WhiteCountry "ESP"]
[BlackCountry "CUB"]
[WhiteElo "2383"]
[WhiteRD "83"]
[BlackElo "2416"]
[BlackRD "85"]
[GameID "716982"]

1. e4 e5 2. Nf3 Nc6 3. Bb5 a6 4. Ba4 Nf6 5. d3 Bc5 6. O-O b5 7. Bb3 d6 8. c3 h6 9. Nbd2 Bb6 10. a4 Bd7
11. Bc2 Ne7 12. a5 Ba7 13. d4 Ng6 14. b4 O-O 15. Re1 Re8 16. h3 Bc6= 17. Bb2 Rb8 18. Rc1 Nf4 19. Kh2 Bd7 20. Nf1 Qc8
21. Ng1 c6 22. Ng3 Qc7 23. Qd2 Rbd8 24. Bb3 Be6 25. Bxe6 Rxe6 26. Nf3 Ng6 27. Rcd1 Nd7 28. Bc1 d5 29. exd5 cxd5 30. dxe5 Ndxe5
31. Nd4 Rf6 32. Qb2 Nf4 33. Bxf4 Rxf4 34. Kg1 g6 35. Qc1 Rxd4 36. cxd4 Qxc1 37. Rxc1 Nd3 38. Ne2 Nxe1 39. Rxe1 Rc8 40. Nf4 Bxd4
41. Nxd5 Rc2 42. Ne3 Ra2 43. Rd1 Ra1 44. Rxa1 Bxa1 45. g4 Be5 46. Kg2 Bd6 47. Nd5 Kf8 48. Kf3 Ke8=
1/2-1/2

[Event "Knights of Caissa 1st Open"]
[Site "SchemingMind.com"]
[Date "2021.11.01"]
[Round "-"]
[White "Rommel85"]
[Black "aperturaf"]
[Result "1/2-1/2"]
[WhiteCountry "CUB"]
[BlackCountry "ESP"]
[WhiteElo "2420"]
[WhiteRD "85"]
[BlackElo "2399"]
[BlackRD "107"]
[GameID "716983"]

1. e4 e6 2. d4 d5 3. Nd2 c5 4. Ngf3 cxd4 5. exd5 Qxd5 6. Bc4 Qd7 7. O-O Nc6 8. Nb3 Nf6 9. Nbxd4 a6 10. Bf4 b5
11. Nxc6 Qxc6 12. Bd3 Be7 13. Ne5 Qd5 14. c4 bxc4 15. Bxc4 Qxd1 16. Rfxd1 Bb7 17. Rac1 Bd5 18. a3 Bxc4 19. Nxc4 Nd5 20. Bd2 O-O
21. Kf1 Rfc8 22. Ne3 Nxe3+ 23. Bxe3 Kf8 24. Rxc8+ Rxc8 25. Ke2 a5 26. Rc1 Rb8 27. Rc2 Ke8 28. Bd4=
1/2-1/2